Kraj po Graniczących Krajach 2 - Statystyki

Ogólne statystyki
  • Ten quiz został rozwiązany 15 razy
  • Średni wynik to 11 z 12
Statystyki odpowiedzi
Hint Odpowiedź % Poprawnych
Rosja, Chiny, Kirgistan, Uzbekistan, Turkmenistan Kazachstan
100%
Stany Zjednoczone, Gwatemala, Belize Meksyk
100%
Jordania, Irak, Kuwejt, Katar, ZEA, Oman, Jemen Arabia Saudyjska
93%
Turcja, Grecja, Macedonia Północna, Serbia, Rumunia Bułgaria
93%
Polska, Niemcy, Austria, Słowacja Czechy
93%
Portugalia, Maroko, Wielka Brytania, Andora, Francja Hiszpania
93%
Korea Północna Korea Południowa
93%
Watykan, San Marino, Francja, Szwajcaria, Austria, Słowenia Włochy
93%
Francja, Surinam, Gujana, Wenezuela, Kolumbia, Peru, Boliwia, Paragwaj, Argentyna, Urugwaj Brazylia
86%
Malezja, Timor Wschodni, Papua Nowa Gwinea Indonezja
86%
Szwajcaria, Austria Liechtenstein
86%
Tanzania, Zambia, Mozambik Malawi
64%
Nie znaleziono quizów pasujących do podanych kryteriów
Rozkład punktacji
Procent ludzi z każdym wynikiem
Percentyl według liczby udzielonych odpowiedzi
Twoja historia wyników
Nie rozwiązałeś tego quizu